000
00323nam a2200133Ia 4500
008
150201s2009 xx 000 0 und d
082
_a
617.3
_b
O09D
100
_a
DANDY,DAVID J
245
_a
ESSENTIAL ORTHOPAEDICS AND TRAUMA
250
_a
5TH
260
_b
ELSEVIER
_a
DELHI
_c
2009
650
_a
ORTHOPAEDICS
942
_2
ddc
_c
BK
999
_c
693
_d
693